Свет: Физика. Информация. Жизнь. О природе уникального явления, его роли в изучении Вселенной, в появлении жизни и об изобретательном гении человечества

Bibliografiset tiedot
Päätekijä: Спиридонов О. П. Олег Павлович
Yhteenveto:Настоящая книга посвящена свету и тому определяющему значению, которое имеет этот бесценный дар природы и ее уникальное творение в жизни человечества. В ней рассматривается широкий круг проблем — от природы света до его роли в изучении Вселенной, появлении жизни и красоты жизни. Автор показывает, что задолго до выявления истинной природы света выдающиеся мыслители и ученые сознавали его фундаментальную роль в природе; в данной работе он последовательно раскрывает различные стороны этого уникального по своему содержанию проявления природы. В книге предлагается неспешный разговор о том пути, который вел ученых к постижению тайн света. Это и удивление перед неистощимым богатством природы, и преклонение перед изобретательным гением человечества, раз за разом разрешавшим ее очередные загадки. Читатели книги станут как бы современниками и свидетелями титанической работы величайших ученых мира — Исаака Ньютона, Альберта Эйнштейна, Макса Планка и многих других. Книга адресована самому широкому кругу читателей, интересующихся физикой и историей физики.
Kieli:venäjä
Julkaistu: Москва, URSS, 2015
Painos:2-е изд., испр.
Sarja:Науку - всем! Шедевры научно-популярной литературы (физика) Вып. 88
Aiheet:
Aineistotyyppi: Kirja
KOHA link:https://koha.lib.tpu.ru/cgi-bin/koha/opac-detail.pl?biblionumber=328638

MARC

LEADER 00000nam0a2200000 4500
001 328638
005 20231102004100.0
010 |a 9785971014423 
035 |a (RuTPU)RU\TPU\book\354338 
090 |a 328638 
100 |a 20170221d2015 km y0rusy50 ca 
101 0 |a rus 
102 |a RU 
105 |a a z 000zy 
200 1 |a Свет: Физика. Информация. Жизнь. О природе уникального явления, его роли в изучении Вселенной, в появлении жизни и об изобретательном гении человечества  |f О. П. Спиридонов 
205 |a 2-е изд., испр. 
210 |a Москва  |c URSS  |c ЛЕНАНД  |d 2015 
215 |a 218 с.  |c ил. 
225 1 |a Науку - всем! Шедевры научно-популярной литературы (физика)  |v Вып. 88 
330 |a Настоящая книга посвящена свету и тому определяющему значению, которое имеет этот бесценный дар природы и ее уникальное творение в жизни человечества. В ней рассматривается широкий круг проблем — от природы света до его роли в изучении Вселенной, появлении жизни и красоты жизни. Автор показывает, что задолго до выявления истинной природы света выдающиеся мыслители и ученые сознавали его фундаментальную роль в природе; в данной работе он последовательно раскрывает различные стороны этого уникального по своему содержанию проявления природы. В книге предлагается неспешный разговор о том пути, который вел ученых к постижению тайн света. Это и удивление перед неистощимым богатством природы, и преклонение перед изобретательным гением человечества, раз за разом разрешавшим ее очередные загадки. Читатели книги станут как бы современниками и свидетелями титанической работы величайших ученых мира — Исаака Ньютона, Альберта Эйнштейна, Макса Планка и многих других. Книга адресована самому широкому кругу читателей, интересующихся физикой и историей физики. 
606 1 |a Свет, теория  |2 stltpush  |3 (RuTPU)RU\TPU\subj\54144  |9 72303 
610 1 |a физика 
610 1 |a история 
610 1 |a оптика 
610 1 |a поляризация 
610 1 |a тепловое излучение 
610 1 |a абсолютная скорость 
610 1 |a микромиры 
610 1 |a Вселенная 
610 1 |a невидимый свет 
610 1 |a излучения 
610 1 |a пульсары 
610 1 |a рентгеновское излучение 
610 1 |a волны де Бройля 
610 1 |a красное смещение 
610 1 |a Большой взрыв 
610 1 |a ультрафиолетовое излучение 
610 1 |a астрономия 
610 1 |a Солнце 
610 1 |a происхождение 
610 1 |a жизнь 
610 1 |a солнечные лучи 
675 |a 535.1  |v 4 
700 1 |a Спиридонов  |b О. П.  |g Олег Павлович 
801 1 |a RU  |b 63413507  |c 20170221 
801 2 |a RU  |b 63413507  |c 20200124  |g RCR 
942 |c BK 
959 |a 2/20170120  |d 1  |e 259,00  |f ЧЗТЛ:1